| 000 | 00630nam a2200205Ii 4500 | ||
|---|---|---|---|
| 003 | JO-AjNU | ||
| 008 | 230606s9999||||xx |||||||||||||| ||und|| | ||
| 020 | _a9812-53-039-8 | ||
| 040 |
_aJO-AjNU _beng _erda _cJO-AjNU |
||
| 041 | _aeng | ||
| 050 | 1 | 4 | _aTS156.W25 2001 |
| 100 | 3 |
_aWadsworth, harrison/Kenneth Stephens, _eauthor _91274 |
|
| 245 | 0 | 0 | _aModern Methods for quality control and improvement |
| 264 | 3 | 1 | _aWILEY, 2001 |
| 300 | _a682p | ||
| 336 |
_atext _btxt _2rdacontent |
||
| 337 |
_aunmediated _bn _2rdamedia |
||
| 338 |
_avolume _bnc _2rdacarrier |
||
| 650 | 4 |
_aModern Methods for quality control and improvement _91275 |
|
| 999 |
_aE671 _c671 _d671 |
||